Rimas de Laura Bustos: poesías de una niña del siglo XIX.

Saved in:
Bibliografiske detaljer
Hovedforfatter: Guerra Araya, Natalie
Andre forfattere: Fernández Llanos, Belén, Benavides Silva, Michele
Format: Bog
Sprog:spansk
Udgivet: Santiago Cuarto Propio 2011
Fag:
Tags: Tilføj Tag
Ingen Tags, Vær først til at tagge denne postø!

MARC

LEADER 00000cam a2200000 a 4500
001 UCG8096
003 CL-VaPUC
005 20230531074411.0
008 111118e20110800CL |||||||||||||||||spa|d
999 |c 345735  |d 345733 
020 |a 9789562605694 
040 |c Pontificia Universidad Católica de Valparaíso 
082 0 4 |a Ch861 GUE 2011  |2 21 
100 0 |a Guerra Araya, Natalie  |9 558663 
245 1 0 |a Rimas de Laura Bustos: poesías de una niña del siglo XIX. 
260 |a Santiago  |b Cuarto Propio  |c 2011 
300 |a 413 páginas 
583 |a last modification  |c 20140707 09:42:43  |k Rodrigo Vera 
600 0 7 |a BUSTOS NAVARRETE, LAURA ROSA  |2 CL-VaPUC  |9 558666 
650 0 |a Poesías chilenas   |9 265280 
650 0 |a Literatura chilena   |9 308278 
700 0 |a Fernández Llanos, Belén  |9 558664 
700 0 |a Benavides Silva, Michele  |9 558665 
942 |c BK  |2 ddc 
945 |d 20111118 00:00:00  |a dcastane 
952 |0 0  |1 0  |2 ddc  |4 0  |6 CH_861_000000000000000_GUE_2011  |7 0  |8 A  |9 445556  |a BIBEDU  |b BIBEDU  |c ES_NOD  |d 2019-11-22  |i 4804775  |o Ch861 GUE 2011  |p 4804775  |r 2023-08-09  |t 2  |w 2019-11-22  |y BK  |k LIT 
952 |0 0  |1 0  |2 ddc  |4 0  |6 CH_861_000000000000000_GUE_2011  |7 0  |8 A  |9 445557  |a FDOPOS  |b FDOPOS  |d 2019-11-22  |i 4804783  |o Ch861 GUE 2011  |p 4804783  |r 2025-01-22  |t 1  |w 2019-11-22  |y BK  |k DLH 
952 |0 0  |1 0  |2 ddc  |3 erb  |4 0  |6 CH_861_000000000000000_GUE_2011  |7 0  |8 A  |9 445558  |a BIBEDU  |b BIBEDU  |c ES_NOD  |i 5075335  |o Ch861 GUE 2011  |p 5075335  |r 2023-08-09  |t 3  |w 2019-11-22  |y BK  |z Catalogado en:20140710  |k LIT 
952 |0 0  |1 0  |2 ddc  |3 erb  |4 0  |6 CH_861_000000000000000_GUE_2011  |7 0  |8 A  |9 445559  |a BIBGIM  |b BIBGIM  |i 5426979  |o Ch861 GUE 2011  |p 5426979  |r 2025-01-15  |t 4  |w 2019-11-22  |y BK  |z Catalogado en:20170929  |k GIM